000 00978cam a22003377a 4500
003 CHAP
005 20220817043630.0
008 000229d1999 it a rn 00110 eng d
010 _a80181
011 _a81153
020 _a9253042494
035 _a91615
040 _cCHAP
082 0 4 _a675.84
_bF3Y
110 2 _aFAO
245 1 0 _aModelo de suministro mundial de fibras
_c/ por Robert Scharpenberg
260 _aRoma :
_bFAO,
_c1999.
300 _a129 p. :
_bilus. ; gráfs.
590 _aBATCH-UPD
_b10
_c20130110
_lUCH01
_h0438
590 _aBATCH-UPD
_b10
_c20130110
_lUCH01
_h2214
590 _aCONVERSION
_b10
_c20130109
_lUCH01
_h1345
650 1 4 _aFibra de madera.
_940690
650 1 4 _aFibras.
_940693
700 0 _aBull, Gary.
_916028
700 0 _aMabee, Warren.
_969319
700 0 _aScharpenberg, Robert.
_9102907
901 _aBK
905 _aPatricia Mendoza P.
942 _cLIBRO
949 _a675.84 F3Y
_bBC
_cFAO
_d33724000757795
_eFAO1
_h97186
_i91615
_sb
999 _c80181
_d80181